000 00451nam a2200181Ia 4500
001 18306
005 20260306171621.0
008 260306s9999||||xx |||||||||||||| ||und||
041 _aESP
082 _a658.402
_bT79
100 _aTremblay, Victor J.
_eAUT
245 0 _aHandbook of behavioral industrial organization
260 _c2018
300 _aviii, 474 páginas :
_c24 cm.
650 _aGEN
654 _aCAN
942 _cLIB
_dJUS
_fJUS
_2ddc
_n
999 _c18306
_d18306